000 00805cam a22002534a 4500
008
020 _a0471431303 (hbk.)
049 _aMAIN
050 0 0 _aRJ504
_bGOL
100 1 _aGoldenthal, Peter.
245 1 0 _aHelping children and families :
_ba new treatment model integrating psychodynamic, behavioral, and contextual approaches /
_cPeter Goldenthal.
260 _aHoboken, N.J. :
_bJohn Wiley,
_cc2005.
300 _axx, 300 p. ;
_c24 cm.
504 _aIncludes bibliographical references.
500 _aIncludes Index
650 0 _aChild psychotherapy.
650 0 _aFamily psychotherapy.
650 0 _aContextual therapy.
907 _a.b10276579
_b10-06-10
_c10-05-10
003
005 20230120204028.0
040 _cNUST
942 _cBOOKS
999 _c115858
_d115858